| 000 | 00498nam a22001337a 4500 | ||
|---|---|---|---|
| 082 | _aMSEE-4 SAR | ||
| 100 |
_aMuhammad Usama Sardar _9100386 |
||
| 245 | _aFormal verification of distributed dynamic thermal management schemes using HOL4 | ||
| 260 |
_aIslamabad _bNUST-SEECS _c2015 |
||
| 300 |
_a50p. _bill.; _eCD ROM |
||
| 500 | _aDr. Osman Hasan, Dr. Muhammad Shafique, Dr. Muhammad Usman Ilyas, Syeda Hira Taqdees | ||
| 856 | _uhttp://10.250.8.41:8080/xmlui/handle/123456789/8787 | ||
| 942 |
_cPR _2ddc |
||
| 999 |
_c13448 _d13448 |
||